III RP - wiedza ogólna #1 - Statystyki

Ogólne statystyki
  • Ten quiz został rozwiązany 30 razy
  • Średni wynik to 13 z 21
Statystyki odpowiedzi
Opis Odpowiedź % Poprawnych
Założyciel partii Samoobrona, jego samobójstwo stało się przedmiotem wielu teorii spiskowych Andrzej Lepper
88%
Najdłużej urzędujący premier III RP Donald Tusk
88%
Miejsce katastrofy lotniczej, w której zginęło 96 osób, w tym prezydent i jego małżonka Smoleńsk
88%
Prezydent znany ze swojej słabości do wysokoprocentowychtrunków Aleksander Kwaśniewski
83%
Pseudonim Lecha Wałęsy, używany podczas jego współpracyze Służbą Bezpieczeństwa, jest to również imię jednego z głównych bohaterów słynnej polskiej kreskówki o dwóch najlepszych przyjaciołach i ich przygodach Bolek
83%
Partia, której przewodniczącym jest osoba z pytania drugiego Platforma Obywatelska
83%
Minister Spraw Wewnętrznych w rządzie Jana Olszewskiego, twórca słynnej listy z nazwiskami współpracowników SB. Autor tezy o rzekomym zamachu smoleńskim Antoni Macierewicz
79%
Najkrócej urzędujący prezydent III Rzeczpospolitej wybranyw wyborach powszechnych Lech Kaczyński
79%
Partia, która osiągnęła najwyższy wynik procentowy whistorii wyborów do sejmu III RP (43,59%) Prawo i Sprawiedliwość
79%
Polskie przedsiębiorstwo finansowe, uznane za piramidęfinansową, badane przez komisję sejmową przed którą, w 2018, wzywany był m.in były premier Donald Tusk Amber Gold
75%
W niej ukazał się artykuł ujawniający aferę z poprzedniegopytania Gazeta Wyborcza
67%
Podaj dokładną datę wydarzenia z poprzedniego pytania 10 kwietnia 2010
63%
Potoczna nazwa jednej z największych afer korupcyjnych III RP,swoją nazwę bierze od nazwiska jej głównego uczestnika,
jej skutkiem był ogromny spadek poparcia dla SLD
Afera Rywina
63%
Rozwiń skrót - AWS Akcja Wyborcza Solidarność
54%
Film Jacka Kurskiego i używana przez środowiska prawicowenazwa wydarzeń, które doprowadziły do odwołania rządu Jana Olszewskiego Nocna zmiana
46%
Warszawska restauracja w której podsłuchano rozmowyczłonków drugiego rządu Donalda Tuska, m.in Bartłomieja Sienkiewicza, ówczesnego Ministra Spraw Wewnętrznych Sowa i Przyjaciele
46%
Nazwa uchwały, którą przedłożył sejmowi przewodniczącyUnii Polityki Realnej Janusz Korwin-Mikke, zobowiązywała ona osobę z pytania pierwszego do stworzenia listy prominentnych współpracowników Służby Bezpieczeństwa Uchwała lustracyjna
46%
Pełna data pierwszych częściowo wolnych wyborów parlamentarnych 4 czerwca 1989
42%
Minister Spraw Zagranicznych w rządzie AWS-UW, jedenz architektów polskiej akcesji do NATO Bronisław Geremek
29%
Pełna nazwa funduszu emerytalnego, z którego premierDonald Tusk przeniósł pieniądze do ZUS-u, co stało się przedmiotem ostrej krytyki jego przeciwników Otwarty Fundusz Emerytalny
29%
Działaczka społeczna zaangażowana w walkę z dzikąreprywatyzacją, spalona żywcem w niewyjaśnionych do dziś okolicznościach Jolanta Brzeska
17%
Nie znaleziono quizów pasujących do podanych kryteriów
Rozkład punktacji
Procent ludzi z każdym wynikiem
Percentyl według liczby udzielonych odpowiedzi
Twoja historia wyników
Nie rozwiązałeś tego quizu